000 00536nam a22001697a 4500
999 _c62742
_d62742
005 20250204145351.0
008 250204s2015 tu ||||| |||| 00| 0 tur d
020 _a9786050308549x
041 _atur
080 _a581(560) A-81
245 _aARTVİN’İN DOĞAL BİTKİLERİ /
_cEditor Özgür EMİNAĞAOĞLU.
264 _aistanbul,
_c2015.
300 _a456 p.:
_bill.;
_c25 cm.
653 _aმცენარეები
700 _aEMİNAĞAOĞLU, Özgür
_eრედაქტორი
_924248
942 _2udc
_cᲬᲘᲒᲜᲘ